00517nam a2200193 a 4500001001300000003000900013005001700022008004100039020002300080082002000103100001900123245004600142260004000188300000900228500003500237505001000272650002200282700001900304nice12345678IN_TiNIC20260116014139.0050524s2003 newa grp 000 0 eng  a812506X c35000a324.245408bKAT aKatju, Manjari aVishva Hindu Parishad and Indian Politics aNew Delhi bOrient Blackswan c2003 a186p aincludes index and biblioraphy2 aIndex aCommunalism-India1 aKatju, Manjari